Statistics for Top 30 MLB Players of 2017

Click here to take the quiz!

General Stats

  • This quiz has been taken 1,037 times
  • The average score is 23 of 30

Answer Stats

Team/PositionPlayer Name% Correct
1. Angels/OFMike Trout
99%
2. Astros/2BJoes ALtuve
98%
4. Cubs/3BKris Bryant
96%
3. Red Sox/OFMookie Betts
94%
9. Cubs/1BAnthony Rizzo
92%
11. Dodgers/SPClayton Kershaw
92%
10. Nationals/OFBryce Harper
91%
6. Rockies/3BNolan Arenado
90%
7. Orioles/3BManny Machado
89%
14. Tigers/1BMiguel Cabrera
88%
17. Astros/SSCarlos Correa
87%
13. Nationals/SPMax Scherzer
87%
21. Reds/1BJoey Votto
86%
8. Blue Jays/3BJosh Donaldson
85%
22. Indians/SSFrancisco Lindor
84%
24. Braves/1BFreddie Freeman
84%
18. Red Sox/SPChris Sale
82%
12. Rockies/OFCharlie Blackmon
79%
15. Giants/SPMadison Bumgarner
79%
23. Indians/SPCorey Kluber
77%
19. Dodgers/SSCory Seager
77%
26. Cubs/SPJake Arrieta
70%
30. Mets/SPNoah Syndergaard
62%
16. Nationals/OF,2BTrea Turner
60%
5. Diamondbacks/1BPaul Goldschmidt
57%
28. Twins/2BBrian Dozier
56%
29. Rockies/OFCarlos Gonzalez
53%
20. Pirates/OFSterling Marte
52%
25. Red Sox/SSXander Boegarts
42%
27. Nationals/2B,1BDaniel Murphy
27%

Score Distribution

Percentile by Number Answered

Percent of People with Each Score

Your Score History

You have not taken this quiz